El origen de la obra de arte

Αποθηκεύτηκε σε:
Λεπτομέρειες βιβλιογραφικής εγγραφής
Κύριος συγγραφέας: Heidegger, Martín, 1889-
Μορφή: Άγνωστο
Έκδοση: Madrid, España: Ediciones Mundo Hispano,
Θέματα:
Ετικέτες: Προσθήκη ετικέτας
Δεν υπάρχουν, Καταχωρήστε ετικέτα πρώτοι!

MARC

LEADER 000000000a22000000004500
001 000722
041 0 |a español 
100 1 |a Heidegger, Martín, 1889- 
245 1 0 |a El origen de la obra de arte 
260 |a Madrid, España:   |b Ediciones Mundo Hispano, 
650 4 |a ARTE 
650 4 |a HISTORIA 
650 4 |a GOGH, VICENT VON, 1853 - 1890 
650 4 |a EVALUACIONES 
773 0 |t Cuadernos Hispanoamericanos 
773 0 |g 9 
773 0 |g 25 
773 0 |g 1952 
773 0 |g 3 - 21 
999 |c 948  |d 948